<?xml version="1.0" encoding="UTF-8"?>
<record
    xmlns:xsi="http://www.w3.org/2001/XMLSchema-instance"
    xsi:schemaLocation="http://www.loc.gov/MARC21/slim http://www.loc.gov/standards/marcxml/schema/MARC21slim.xsd"
    xmlns="http://www.loc.gov/MARC21/slim">

  <leader>01003nab a2200217uuc4500</leader>
  <controlfield tag="001">1260047</controlfield>
  <controlfield tag="005">20240202103224.0</controlfield>
  <controlfield tag="008">111013e20110901                    spa  </controlfield>
  <datafield tag="035" ind1=" " ind2=" ">
    <subfield code="a">1260047</subfield>
  </datafield>
  <datafield tag="035" ind1=" " ind2=" ">
    <subfield code="a">(OCoLC)820612084</subfield>
  </datafield>
  <datafield tag="040" ind1=" " ind2=" ">
    <subfield code="c">comduadb</subfield>
  </datafield>
  <datafield tag="041" ind1=" " ind2=" ">
    <subfield code="a">spa</subfield>
  </datafield>
  <datafield tag="100" ind1="1" ind2="0">
    <subfield code="a">Reb&#xF3;n Rodr&#xED;guez, Marta Ingrid</subfield>
    <subfield code="4">aut</subfield>
    <subfield code="e">aut</subfield>
    <subfield code="9">575157</subfield>
  </datafield>
  <datafield tag="245" ind1="1" ind2="3">
    <subfield code="a">La plaza roja es azul. Sobre la nueva literatura rusa</subfield>
  </datafield>
  <datafield tag="520" ind1="3" ind2=" ">
    <subfield code="a">Este art&#xED;culo pretende dar unas luces sobre cu&#xE1;l es el panorama actual de las letras rusas, en el que conviven la &#xFA;ltima generaci&#xF3;n de escritores nacidos en la &#xE9;poca sovietica con las nuevas camadas que llegan pisando fuerte, libres de los fantasmas que hostigaron a sus predecesores.</subfield>
  </datafield>
  <datafield tag="650" ind1=" " ind2="7">
    <subfield code="a">Literatura rusa</subfield>
    <subfield code="2">lemb</subfield>
    <subfield code="9">2577</subfield>
  </datafield>
  <datafield tag="650" ind1=" " ind2=" ">
    <subfield code="a">Literatura contempor&#xE1;nea</subfield>
    <subfield code="9">62590</subfield>
  </datafield>
  <datafield tag="700" ind1="1" ind2="0">
    <subfield code="a">Sverdlov, Dimitri</subfield>
    <subfield code="4">pht</subfield>
    <subfield code="e">pht</subfield>
    <subfield code="9">628427</subfield>
  </datafield>
  <datafield tag="773" ind1="0" ind2=" ">
    <subfield code="t">Quimera : Revista de Literatura (Barcelona)</subfield>
    <subfield code="g">N&#xFA;mero 334, Septiembre 2011, p. 22-26</subfield>
    <subfield code="w">111265</subfield>
    <subfield code="x">0211-3325</subfield>
    <subfield code="0">89608</subfield>
  </datafield>
  <datafield tag="942" ind1=" " ind2=" ">
    <subfield code="c">ARIMP</subfield>
  </datafield>
  <datafield tag="999" ind1=" " ind2=" ">
    <subfield code="c">596884</subfield>
    <subfield code="d">596884</subfield>
  </datafield>
</record>
